[Event "IV Trofeo Giovanni Pico"]
[Site "Mirandola ITA"]
[Date "2011.01.16"]
[Round "5"]
[White "Jordan, Chris"]
[Black "Guglielmi, Dante"]
[Result "0-1"]
[WhiteElo "1679"]
[BlackElo "1911"]
[PlyCount "89"]
[EventDate "2011.01.14"]

1. d3 d5 2. Nd2 Nf6 3. h3 c5 4. e4 dxe4 5. dxe4 Nc6 6. Ngf3 g6 7. Bb5 Bd7 8.
Qe2 Bg7 9. e5 Nd5 10. Bxc6 Bxc6 11. Ne4 O-O 12. O-O b6 13. c4 Nc7 14. Bf4 Ne6
15. Qe3 Nxf4 16. Qxf4 Qd3 17. Rfe1 Rad8 18. Rac1 Qd7 19. Rc2 h6 20. Rd2 Qb7 21.
h4 Rxd2 22. Nfxd2 Rd8 23. f3 Qc7 24. Nc3 Rd4 25. Qe3 Rxh4 26. f4 Qd7 27. Nf3
Bxf3 28. Qxf3 Qd4+ 29. Re3 Qxf4 30. Qxf4 Rxf4 31. Nd5 Rxc4 32. Nxe7+ Kf8 33.
Nc8 Rc2 34. Nxa7 Rxb2 35. Nc8 b5 36. Nd6 Ke7 37. Nb7 c4 38. a3 Rb3 39. Re2 Rxa3
40. Nc5 c3 41. Kf2 b4 42. Ke1 b3 43. e6 b2 44. exf7+ Kxf7 45. Rf2+ 0-1

[Event "IV Trofeo Giovanni Pico"]
[Site "Mirandola ITA"]
[Date "2011.01.16"]
[Round "5"]
[White "Pavesi, Paolo"]
[Black "Pinna, Ferdinando"]
[Result "0-1"]
[WhiteElo "1440"]
[BlackElo "1889"]
[PlyCount "66"]
[EventDate "2011.01.14"]

1. e4 c5 2. Nc3 Nc6 3. Nf3 a6 4. d3 d6 5. Be3 g6 6. Qd2 Bg7 7. h4 h5 8. d4 e6
9. d5 exd5 10. Qxd5 Nge7 11. Qb3 O-O 12. a3 Be6 13. Bc4 Na5 14. Bxe6 Nxb3 15.
Bxb3 Qc7 16. Ng5 c4 17. Ba2 Bxc3+ 18. bxc3 d5 19. g4 dxe4 20. gxh5 Nf5 21. hxg6
Nxe3 22. gxf7+ Rxf7 23. Ke2 Nxc2 24. Ne6 Qd7 25. Rag1+ Kh8 26. Bxc4 Rc8 27. Ng5
Rxc4 28. Nxf7+ Qxf7 29. Rh3 Nxa3 30. h5 Rc5 31. h6 Qc4+ 32. Kd2 Qa2+ 33. Ke3
Rc4 0-1

[Event "IV Trofeo Giovanni Pico"]
[Site "Mirandola ITA"]
[Date "2011.01.16"]
[Round "5"]
[White "Garofalo, Sergio"]
[Black "Vitiello, Luigi"]
[Result "0-1"]
[WhiteElo "1777"]
[BlackElo "1850"]
[PlyCount "76"]
[EventDate "2011.01.14"]

1. d4 Nf6 2. Nf3 e6 3. b3 d5 4. Bb2 Nbd7 5. e3 Be7 6. Bd3 a6 7. Nbd2 c5 8. O-O
b5 9. c4 dxc4 10. bxc4 bxc4 11. Nxc4 cxd4 12. exd4 O-O 13. Qe2 Bb7 14. Nce5 Nb6
15. Ng5 Qd5 16. f4 h6 17. Ngf3 Na4 18. f5 Nxb2 19. Qxb2 Rab8 20. fxe6 Qxe6 21.
Qe2 Ba3 22. Rab1 Bd5 23. Bc4 Rb4 24. Rxb4 Bxb4 25. Rb1 a5 26. Qd3 Rc8 27. Bxd5
Qxd5 28. Qb3 Qxb3 29. axb3 Nd5 30. Nc4 a4 31. Nfd2 axb3 32. Rxb3 Kf8 33. Kf2
Ke7 34. Ke2 Bxd2 35. Nxd2 Rc7 36. Rb5 Nc3+ 37. Kd3 Nxb5 38. Ke4 Rc2 0-1

[Event "IV Trofeo Giovanni Pico"]
[Site "Mirandola ITA"]
[Date "2011.01.16"]
[Round "5"]
[White "Santamato, Luigi"]
[Black "Di Trapani, Luigi"]
[Result "1-0"]
[WhiteElo "1651"]
[BlackElo "1606"]
[PlyCount "53"]
[EventDate "2011.01.14"]

1. e4 d6 2. d4 Nf6 3. Nc3 c6 4. g3 g6 5. Bg2 Bg7 6. Nge2 Qa5 7. O-O O-O 8. h3
e5 9. Be3 Nbd7 10. Kh2 Qc7 11. Qd2 b5 12. a3 Nb6 13. b3 Bb7 14. f4 Rad8 15.
Rad1 a6 16. d5 cxd5 17. exd5 Rd7 18. fxe5 dxe5 19. d6 Qd8 20. Bxb7 Rxb7 21. Bg5
Rd7 22. Qd3 Ng4+ 23. hxg4 Qxg5 24. Ne4 Qd8 25. Nc5 Ra7 26. d7 e4 27. Qd6 1-0

[Event "IV Trofeo Giovanni Pico"]
[Site "Mirandola ITA"]
[Date "2011.01.16"]
[Round "5"]
[White "Gabbriellini, Gianfranco"]
[Black "Pomante, Sergio"]
[Result "1-0"]
[WhiteElo "1527"]
[BlackElo "1644"]
[PlyCount "85"]
[EventDate "2011.01.14"]

1. d4 Nf6 2. Nf3 d5 3. Bf4 e6 4. Nbd2 c5 5. e3 c4 6. c3 b5 7. b4 Nc6 8. Ne5 Bd6
9. Nxc6 Qd7 10. Bxd6 Qxd6 11. Ne5 h5 12. a4 bxa4 13. Qxa4+ Nd7 14. Nxd7 Bxd7
15. Qa6 Qc7 16. Be2 h4 17. O-O Bc6 18. b5 Bb7 19. Qa4 Qb8 20. Ra2 e5 21. Nf3 e4
22. Ne5 Qd6 23. Rb1 Rh6 24. Bg4 f6 25. Nd7 Rg6 26. Bh5 f5 27. Ne5 h3 28. Bxg6+
Ke7 29. f3 Kf6 30. b6 a6 31. Nxc4 Qf8 32. Ne5 Qd6 33. c4 Rh8 34. cxd5 Rh6 35.
Nf7 Qd7 36. Nxh6 gxh6 37. Bh5 f4 38. Rc2 Qf5 39. g4 Qg5 40. Qa3 Bxd5 41. Qf8+
Ke6 42. Bf7+ Kd7 43. Rc7# 1-0

[Event "IV Trofeo Giovanni Pico"]
[Site "Mirandola ITA"]
[Date "2011.01.16"]
[Round "5"]
[White "Bartiromo, Gerardo"]
[Black "Necesito, Donald"]
[Result "0-1"]
[WhiteElo "1634"]
[BlackElo "1437"]
[PlyCount "88"]
[EventDate "2011.01.14"]

1. e4 d6 2. Nf3 Nf6 3. Nc3 g6 4. d4 Bg7 5. h3 O-O 6. Be3 Nbd7 7. Qd2 e5 8. Bh6
Re8 9. Bxg7 Kxg7 10. O-O-O b6 11. g4 Bb7 12. d5 Nc5 13. Bd3 c6 14. dxc6 Bxc6
15. Qe2 Rc8 16. Kb1 a6 17. Nd2 b5 18. Qe3 b4 19. Nd5 Bxd5 20. exd5 Nxd5 21. Qg3
a5 22. Bc4 Nf6 23. f3 a4 24. h4 Qb6 25. h5 g5 26. h6+ Kf8 27. Qf2 Qb7 28. Qe3
b3 29. cxb3 axb3 30. Nxb3 Ne6 31. Bxe6 Rxe6 32. Qxg5 Qxf3 33. Qg7+ Ke7 34. g5
Qf5+ 35. Ka1 Ne8 36. Qg8 Ra8 37. Rdf1 Qg6 38. Qxg6 Rxg6 39. Rf5 Ra4 40. Rhf1
Rf4 41. R5xf4 exf4 42. Rxf4 f6 43. gxf6+ Nxf6 44. Nd4 Rg1+ 0-1

[Event "IV Trofeo Giovanni Pico"]
[Site "Mirandola ITA"]
[Date "2011.01.16"]
[Round "5"]
[White "Minelli, Giancarlo"]
[Black "Ballista, Massimiliano"]
[Result "0-1"]
[WhiteElo "1401"]
[BlackElo "1611"]
[PlyCount "60"]
[EventDate "2011.01.14"]

1. e4 e5 2. Nf3 Nc6 3. Bc4 Bc5 4. O-O Nf6 5. Re1 d6 6. c3 O-O 7. d4 exd4 8.
cxd4 Bb4 9. Nc3 Bg4 10. Bg5 Bxf3 11. gxf3 Bxc3 12. bxc3 h6 13. Bh4 g5 14. Bg3
Ne7 15. h3 Ng6 16. Qd3 Nh5 17. e5 Nhf4 18. Bxf4 Nxf4 19. Qf5 d5 20. Bb3 Qc8 21.
Qg4 Nxh3+ 22. Kf1 Qxg4 23. fxg4 Nf4 24. Re3 c6 25. a4 Rae8 26. f3 Re7 27. Rc1
Rfe8 28. Kf2 f6 29. a5 fxe5 30. Rxe5 Nd3+ 0-1

[Event "IV Trofeo Giovanni Pico"]
[Site "Mirandola ITA"]
[Date "2011.01.16"]
[Round "5"]
[White "Ombasic, Dzemil"]
[Black "Raisi, Michele"]
[Result "1/2-1/2"]
[WhiteElo "1730"]
[BlackElo "1525"]
[PlyCount "76"]
[EventDate "2011.01.14"]

1. e4 e5 2. Nf3 Nc6 3. Bc4 Nf6 4. Ng5 d5 5. exd5 Na5 6. Bb5+ c6 7. dxc6 bxc6 8.
Be2 Bc5 9. d3 O-O 10. Nc3 h6 11. Nge4 Nxe4 12. Nxe4 Bb6 13. O-O Bb7 14. Be3 f5
15. Nd2 c5 16. f4 exf4 17. Bxf4 Qd5 18. Bf3 Qd4+ 19. Kh1 Bxf3 20. Rxf3 Rad8 21.
c3 Qd5 22. Rg3 Rf6 23. Qh5 Qe6 24. h4 Qf7 25. Qxf7+ Kxf7 26. Re1 Rd7 27. Ree3
Nc6 28. Nc4 Bc7 29. Bxc7 Rxc7 30. Ne5+ Nxe5 31. Rxe5 h5 32. Rge3 g6 33. Rd5 Re6
34. Rxe6 Kxe6 35. c4 a6 36. Kg1 Rc6 37. Kf2 Kf6 38. Kf3 g5 1/2-1/2

[Event "IV Trofeo Giovanni Pico"]
[Site "Mirandola ITA"]
[Date "2011.01.16"]
[Round "5"]
[White "Bertolazzi, Andrea"]
[Black "Rovatti, Guido"]
[Result "0-1"]
[WhiteElo "1604"]
[BlackElo "1686"]
[PlyCount "100"]
[EventDate "2011.01.14"]

1. e4 c5 2. Nf3 d6 3. d4 cxd4 4. Nxd4 Nf6 5. Nc3 g6 6. Bd3 Nc6 7. Nf3 Bg7 8.
Be3 O-O 9. O-O Ng4 10. Bd2 Qb6 11. Rb1 Nd4 12. Nxd4 Bxd4 13. Qe2 Be5 14. h3 Nf6
15. Nd1 Be6 16. c4 Nh5 17. Bc3 Nf4 18. Qd2 Nxd3 19. Qxd3 Rac8 20. b3 Rfd8 21.
Ne3 Bxc3 22. Qxc3 a5 23. Nd5 Bxd5 24. exd5 Qb4 25. Qxb4 axb4 26. Rfc1 Ra8 27.
Rb2 Ra5 28. Re1 Kf8 29. Re4 Rda8 30. Ree2 Re8 31. Re4 b5 32. Rc2 bxc4 33. Rexc4
Rxd5 34. Rxb4 Rd1+ 35. Kh2 d5 36. Kg3 d4 37. Rcc4 d3 38. Rd4 e5 39. Rd5 Re7 40.
Kf3 f5 41. Ke3 e4 42. Rbd4 Re1+ 43. Kd2 Re2+ 44. Kc3 Rxa2 45. b4 Rxf2 46. g4 e3
47. Kxd3 Rd2+ 48. Kc3 Rxd4 49. Rxd4 e2 50. Rd8+ Kf7 0-1